| 000 | 01008nam a22002897a 4500 | ||
|---|---|---|---|
| 005 | 20220329141220.0 | ||
| 008 | 971010s1987 r 00010 d | ||
| 010 | _a64516 | ||
| 011 | _a65488 | ||
| 035 | _a72335 | ||
| 090 | _aTesis | ||
| 100 | 0 | 0 |
_aMeléndez García, Oscar. _974405 |
| 245 | _aEvaluación de huertos colectivos de nogal (Carya illinoensis Koch) en la región sureste del estado de Chihuahua | ||
| 260 |
_aCd. Lerdo, Dgo. : _bEl autor, _c1987 |
||
| 300 | _a49 h. | ||
| 500 | _aD97-98 | ||
| 502 | _aTesis (Ing. Agr. Esp. en Zonas Aridas) -- UACH. Departamento de Zonas Aridas | ||
| 590 |
_aALEPH _b10 _c20130110 _lUCH01 _h1352 |
||
| 590 |
_aBATCH-UPD _b10 _c20130110 _lUCH01 _h0640 |
||
| 590 |
_aBATCH-UPD _b10 _c20130410 _lUCH01 _h0325 |
||
| 590 |
_aBATCH-UPD _b10 _c20130914 _lUCH01 _h0003 |
||
| 590 |
_aCONVERSION _b10 _c20130109 _lUCH01 _h1335 |
||
| 650 | 1 | 4 |
_aAgricultura cooperativa. _91945 |
| 650 | 1 | 4 |
_aNogal _xChihuahua. _981547 |
| 901 | _aBK | ||
| 949 |
_bZA _cTES _d-5037 _eTS1 _i72335 _si |
||
| 999 |
_c64516 _d64516 |
||